Jóga

Na minha lista:
Detalhes bibliográficos
Formato: Livro
Idioma:tcheco
Publicado em: Praha Olympia 1984
Edição:3. vyd.
Tags: Adicionar Tag
Sem tags, seja o primeiro a adicionar uma tag!

MARC

LEADER 00000nam a2200000 4500
001 c116665
005 20260122161957.5
041 0 |a cze 
044 |a CZ 
245 1 0 |a Jóga  |c André Van Lysebeth ; [Z franc. orig. přel. Jaroslav Keliš] 
250 |a 3. vyd. 
264 1 |a Praha  |b Olympia  |c 1984 
300 |a 275 s.